| 000 | 00337nam a2200121Ia 4500 | ||
|---|---|---|---|
| 008 | 220214s9999 xx 000 0 und d | ||
| 245 | 0 | _aOil Statistics | |
| 260 |
_bBureau of Petroleum and Chemical Studies _aNew Delhi |
||
| 310 | _aQ | ||
| 500 | _aEnding Volume & Year: 14, 1976 | ||
| 500 | _aStarting Volume & Year: 6, 1968 | ||
| 942 | _cBJ | ||
| 999 |
_c4449 _d4449 |
||